Google, quelle est la différence entre...? #1 - Statistiques

Statistiques générales
  • Ce quiz a été pris 14 973 fois
  • Le résultat moyen est 18 sur 24
Statistiques - réponses
Quelle est la différence entre... % Correct
un chiffre et un {nombre}
99%
une mer et un {océan}
97%
le VIH et le {SIDA}
91%
une pierre et un {caillou}
91%
une clémentine et une {mandarine}
90%
une tumeur et un {cancer}
90%
un potiron et une {citrouille}
89%
un manoir et un {château}
88%
une artère et une {veine}
85%
le poids et la {masse}
84%
une église et une {cathédrale}
81%
du ciment et du {béton}
79%
un manga et un {animé}
74%
une mouette et un {goéland}
73%
une épée et un {sabre}
72%
un chausson et une {pantoufle}
70%
un cyclone et un {ouragan}
67%
un astéroïde et une {météorite}
66%
une métaphore et une {comparaison}
62%
chiite et {sunnite}
61%
une saucisse et une {merguez}
53%
un spa et un {jacuzzi}
39%
le wifi et le {bluetooth}
38%
une catapulte et un {trébuchet}
28%
Aucun quiz correspondant
Distribution des résultats
% des personnes avec chaque résultat
Percentile par nombre de réponses
Votre historique - résultats
Vous n’avez pas pris ce quiz